The Victorian Era - Statistics

General Stats
  • This quiz has been taken 51 times
  • The average score is 3 of 10
Answer Stats
Hint Answer % Correct
Theory of evolution is typically credited to _____ Darwin Charles
77%
Greatest Novelist was Charles ____ Dickens
64%
Most Victorian Britons were ____ (Religion) Christian
48%
Britain became the _____ country in the world Richest
41%
Victorians made and appreciated developments in _____ Science
30%
When did the Victorian Era Start? 1820
23%
When did the Victorian Era End? 1914
23%
Some few educated Victorians did ____ography Porn
18%
Victorians wrote a lot about ___ Sex
16%
____-Drama featured evil villains, virtuous heroines, and intricate plots Melo
7%
No matching quizzes found
Score Distribution
Percent of People with Each Score
Percentile by Number Answered
Your Score History
You have not taken this quiz